LEADER 01168nam a2200289 a 4500 001 000000120184 003 CaOOAMICUS 005 20100222095740.0 008 100222t2009 it u000 u ita r 020 $a978-88-348-9471-2 040 $aPUL$bita$dReb 100 1 $aDi Majo, Adolfo.$0(OLS)http://pul/name/29821 245 13$aLe tutele contrattuali /$cAdolfo di Majo. 260 $aTorino :$bG. Giappichelli,$cİ2009. 300 $aix, 263 p. ;$c24 cm. 490 1 $aModelli e rimedi ;$v01 504 $aBibliografia in nota. 650 4$aContratti$xTutele.$0(OLS)http://pul/subject/36478 650 4$aDanni (diritto).$0(OLS)http://pul/subject/18815 830 0$aModelli e rimedi ;$v01.$0(OLS)http://pul/title/151176 850 $aPUL 852 $aPUL$W1$xSL Diritto e Scienze Sociali 3$y79$m346. 02 DIMAD 1$j137822$qDDC 21$B136959$CPULBib$Z2$F136959 $H112710 $82 941 1 $a9 960 $aDanno (diritto)$918815 996 $6020$a978-88-348-9471-2$9(OLS)http://pul/number/143374 996 $6245$aLe tutele contrattuali$9(OLS)http://pul/title/151175 996 $6260$aTorino :$bG. Giappichelli$9(OLS)http://pul/publisher/49130 LEADER 01218nam a2200277 u 4500 001 000000080738 003 CaOOAMICUS 005 20070226123659.0 008 050203s2005 enk u000 u eng u 020 $a0567088065 035 $a11025495 040 $aPUL$bita 100 1 $aYannaras, Christos,$d1935-$0(OLS)http://pul/name/31238 245 10$aOn the absence and unknowability of god :$bHeidegger and the areopagite /$cChristos Yannaras. 260 $aLondon :$bT&T Clark International,$c2005. 300 $a136 p. ;$c22 cm 500 $aSul front.: "Translated by Haralambos Ventis". 504 $aComprende bibliografia. 600 14$aHeidegger, Martin,$d1889-1976.$0(OLS)http://pul/subject/4860 650 4$aFilosofia e religione.$0(OLS)http://pul/subject/2646 850 $aPUL 852 $aPUL$W1$xSL Religione 3$y85$m212. 6 YANCH 1$j103087$nBK-PRI$qDDC 21$B103087$CPULBib$Z2$F103087 $H97021 $82 941 1 $a9 996 $6020$a0567088065$9(OLS)http://pul/number/106888 996 $6245$aOn the absence and unknowability of god :$bHeidegger and the areopagite$9(OLS)http://pul/title/105698 996 $6260$aLondon :$bT&T Clark International$9(OLS)http://pul/publisher/75857